| 000 | 00733nam a2200229Ia 4500 | ||
|---|---|---|---|
| 005 | 20240518105602.0 | ||
| 008 | 210716s2012 xx 000 0 und d | ||
| 020 | _a9788184871685 | ||
| 040 | _cAIMIT LIBRARY | ||
| 041 | _aeng | ||
| 082 |
_a005.73 _21 _bCHAR |
||
| 100 |
_aChattamvelli, Rajan. _9166033 |
||
| 245 |
_aStatistical algorithms / _cby Rajan Chattamvelli. |
||
| 250 | _a1st ed. | ||
| 260 |
_aNew Delhi : _bNarosa Publishing House , _c2012. |
||
| 300 |
_axxii,12.19,AI-12,SI-8 _bPB _c23 cm. |
||
| 650 |
_aMeasures of central tendency _9166034 |
||
| 650 |
_aMeasures of dispersion _9166035 |
||
| 650 |
_aLinear regression _9166036 |
||
| 650 |
_aDistance based algorithms _9166037 |
||
| 942 |
_2ddc _cBK _e1st _k005.73 CHAR |
||
| 999 |
_c192199 _d192199 |
||